Countries that have full diplomatic relations with Taiwan - Statistics

General Stats
  • This quiz has been taken 38 times
  • The average score is 11 of 15
Answer Stats
Continent Answer % Correct
North America Honduras
84%
North America Nicaragua
84%
North America Guatemala
81%
North America Belize
78%
Oceania Marshall Islands
78%
Oceania Nauru
78%
Oceania Palau
78%
North America Saint Kitts and Nevis
78%
North America Saint Vincent and the Grenadines
78%
South America Paraguay
75%
North America Saint Lucia
75%
Oceania Tuvalu
75%
North America Haiti
69%
Europe Vatican City
56%
Africa Eswatini
47%
No matching quizzes found
Score Distribution
Percent of People with Each Score
Percentile by Number Answered
Your Score History
You have not taken this quiz